Word Ladder: Comin' Down on a Sunny Day Quiz Stats

 Plays Quiz Updated Sep 4, 2019

Score 0/26 Timer 03:00
0 Plays Today
Clue 4 Letter Word % Correct
Tortoise's fabled opponentHARE
98.7%
Instrument for an angel?HARP
98.4%
Opposite of underOVER
97.3%
Visit the mallSHOP
96.5%
To burn the outside of foodCHAR
96.1%
Cut up into piecesCHOP
96%
Sonny & ____CHER
96%
Nights before holidaysEVES
95.9%
British slang for a manCHAP
95.5%
The bottom of your faceCHIN
95.3%
Opposite of fatTHIN
95.1%
Building for storing toolsSHED
94.6%
Famed wild west lawman Wyatt ____EARP
94.1%
Clue 4 Letter Word % Correct
Units of cornEARS
93.7%
Makes mistakesERRS
92.6%
Abel's biblical brotherCAIN
91.9%
Wearing boots or sandalsSHOD
91.5%
Afterward, nextTHEN
90.5%
CCR Song: [Rung 1] You [Rung 9] [Rung 20] the [Rung 26]•EVER•
90.3%
'The Blind Side' subjectOHER
89.2%
Plant sourceSEED
87.8%
Spanish song: '___ tú'ERES
87.6%
It could follow 'seven' or 'fif'TEEN
85.6%
CCR Song: [Rung 1] You [Rung 9] [Rung 20] the [Rung 26]•HAVE•
84.4%
CCR Song: [Rung 1] You [Rung 9] [Rung 20] the [Rung 26]•SEEN•
84%
CCR Song: [Rung 1] You [Rung 9] [Rung 20] the [Rung 26]•RAIN•
77.4%

Today's Daily Dose

Missing Word
Celine Dion

Word Ladder
Dr. Seuss Books

Quick Pick
Cities in India

Get the Picture
'A' Actresses

You're not logged in!

Compare scores with friends on all Sporcle quizzes.
OR
Log In

Sporcle TV

Today on Sporcle TV


Watch our educational content, quiz creation guides, and fun videos on Sporcle TV.

Show Comments

Extras

Top Quizzes Today


Score Distribution

Your Account Isn't Verified!

In order to create a playlist on Sporcle, you need to verify the email address you used during registration. Go to your Sporcle Settings to finish the process.

Report this User

Report this user for behavior that violates our Community Guidelines.

Details: